000 00286nam a22001337a 4500
008 170306b xxu||||| |||| 00| 0 eng d
020 _a9780023647932
041 _aeng
080 _23 ED
_a575
100 _a6
101 _aSHM
245 _aCONCEPT GENTICS
_cKLUG.W.S
942 _2udc
_cBK
999 _c6825
_d6825